000
00318 a2200145 4500
999
_c
9832
_d
9832
003
OSt
005
20220303170843.0
008
220303b ||||| |||| 00| 0 eng d
020
_a
9781408041864
082
_a
693.6
100
_a
Skills2Learn
245
_a
Plastering
260
_b
Cengage Learning EMEA
942
_2
ddc